000 00201 a2200097 4500
001 27591
100 _aNumani, S
245 _aSeerat-un-Nabi
260 _a
_bNashran Quran Ltd
_c
090 _c18375
_d18375
942 _aNUST-CAE
_c
_c9308
999 _c262664
_d262664